<?xml version="1.0" encoding="UTF-8"?><OAI-PMH xmlns="http://www.openarchives.org/OAI/2.0/" xmlns:xsi="http://www.w3.org/2001/XMLSchema-instance"     xsi:schemaLocation="http://www.openarchives.org/OAI/2.0/ http://www.openarchives.org/OAI/2.0/OAI-PMH.xsd"><responseDate>2026-05-16T06:31:49Z</responseDate><request verb="GetRecord" identifier="oai:regmurcia.com:fintegr.26" metadataPrefix="marc21">http://oai.regmurcia.com/oai2/oai2.php</request><GetRecord><record><header><identifier>oai:regmurcia.com:fintegr.26</identifier><datestamp>2026-05-16</datestamp><setSpec>documentos</setSpec></header><metadata><record  xmlns="http://www.loc.gov/MARC21/slim" xmlns:xsi="http://www.w3.org/2001/XMLSchema-instance" xsi:schemaLocation="http://www.loc.gov/MARC21/slim http://www.loc.gov/standards/marcxml/schema/MARC21slim.xsd" type="Bibliographic"><leader>00000nam a2200000   4500</leader><controlfield tag="001" >005073171</controlfield><controlfield tag="003" >26</controlfield><controlfield tag="004" >A00000000</controlfield><datafield tag="245" ind1=" " ind2=" "><subfield code="a">Carta de pago de don Miguel Corella a favor de Magdalena Ardid, mujer de Esteban Bienvengud, por razón de la dote de Teresa Bienvengud, su mujer.</subfield></datafield><datafield tag="300" ind1=" " ind2=" "><subfield code="c">2 Folios</subfield></datafield><datafield tag="351" ind1=" " ind2=" "><subfield code="a">Documento</subfield><subfield code="c">Archivo Histórico Provincial. Array</subfield><subfield code="a">Documento</subfield><subfield code="c">Archivo Histórico Provincial. Array</subfield></datafield><datafield tag="351" ind1=" " ind2=" "><subfield code="b">Nº11, F.5</subfield></datafield><datafield tag="520" ind1=" " ind2=" "><subfield code="a">Este documento es un ejemplo magnífico de un temprano enlace matrimonial entre familias hidalgas de Cartagena (los Bienvengud) y de Murcia (los Corella), que con el paso del tiempo daría lugar a la formación de unas oligarquías locales muy entrelazadas.</subfield></datafield><datafield tag="567" ind1=" " ind2=" "><subfield code="a">Vicente Montojo Montojo</subfield></datafield><datafield tag="583" ind1=" " ind2=" "><subfield code="u">http://www.regmurcia.com/servlet/s.Sl?METHOD=VERDOCUMENTO&amp;sit=serv,Carmesi&amp;n=/03/2553/indice.djvu</subfield></datafield><datafield tag="592" ind1=" " ind2=" "><subfield code="a">1491-09-12</subfield></datafield><datafield tag="592" ind1=" " ind2=" "><subfield code="d">1491-09-12 00:00:00</subfield></datafield><datafield tag="786" ind1=" " ind2=" "><subfield code="o">http://www.regmurcia.com/servlet/s.Sl?METHOD=VERDOCUMENTO&amp;sit=serv,Carmesi&amp;n=/03/2553/indice.djvu</subfield></datafield><datafield tag="856" ind1=" " ind2=" "><subfield code="u">http://www.regmurcia.com/servlet/s.Sl?METHOD=DETALLE&amp;sit=c,373,m,139,serv,Carmesi&amp;id=26</subfield></datafield></record></metadata></record></GetRecord></OAI-PMH>
